000 01415cam a2200385 i 4500
999 _c200429145
_d47069
003 TR-AnTOB
005 20210409105313.0
007 ta
008 010628s2000 tu b 000 0 tur d
020 _a9751723655
020 _a9789751723659
040 _aIXA
_beng
_erda
_cIXA
_dBGZ
_dTR-AnTOB
041 0 _atur
050 _aDR565
090 _aDR565
_b.K87 2000
100 1 _aKurdakul, Necdet,
_d1916-
_eauthor
_945614
245 1 0 _aTanzimat dönemi basınında siyasal ve anayasal fikir hareketleri /
_cNecdet Kurdakul.
264 1 _aAnkara :
_bKültür Bakanlığı,
_c2000.
300 _axvi, 603 pages ;
_c24 cm.
336 _2rdacontent
_atext
337 _2rdamedia
_aunmediated
338 _2rdacarrier
_avolume
490 0 _aT.C. Kültür Bakanlığı yayınları ;
_v2505.
_aKültür eserler dizisi ;
_v277.
504 _aIncludes bibliographical references.
590 _aDonated by Levent Kuşoğlu
650 0 _aPress
_zTurkey
_xHistory
_y19th century
_947105
650 _aBasın
_zTürkiye
_xTarih
_y19. yüzyıl
_947102
650 _aSosyal değişim
_zTürkiye
_xTarih
_y19. yüzyıl
_947101
650 0 _aSocial change
_zTurkey
_xHistory
_y19th century
_947104
651 0 _aTürkiye
_xTarih
_yTanzimat, 1839-1876
_9114512
651 0 _aTurkey
_xHistory
_yTanzimat, 1839-1876
_962929
651 0 _aTurkey
_xPolitics and government
_y1829-1878
_923577
942 _2lcc
_cBK